| 000 | 00708cab a2200229 4500 | ||
|---|---|---|---|
| 001 | WB3501-01 | ||
| 008 | 090401t1999 xxu||||| |||| 00| 0 eng d | ||
| 035 | _a(Sirsi) u90521 | ||
| 041 | _aeng | ||
| 245 | _aIt`s a coded auction | ||
| 260 | _c1999 | ||
| 350 | _a0 | ||
| 490 |
_aSunday Times _v3 January 1999, 1.6(2) |
||
| 520 | _aThe increasing variety and complexity of codes which bidders use in an attempt to remain anonymous can prove difficult for auctioneers to decipher and lead to confusion in the sale room. | ||
| 650 |
_aAuctioneering _96218 |
||
| 650 | _aBIDDERS | ||
| 650 | _aBIDDING CODES | ||
| 650 | _aBIDDING | ||
| 690 |
_aAuctioneering _96218 |
||
| 942 | _n0 | ||
| 948 | _c05/01/1999 | ||
| 999 |
_c57400 _d57400 |
||